History Quiz

Random History or French Quiz

'B' in History Quiz Stats

 Plays Quiz Updated Nov 9, 2017

Also try: 'C' in History
Challenge
Share
Tweet
Embed
Score 0/20 Timer 05:00
2 Plays Today
Question Answer % Correct
Which Cold War 'monument' fell in 1989 after 28 years in place?Berlin Wall
94.7%
Which composer was born in Bonn, Germany, in 1770?Ludwig van Beethoven
90%
In which US city were three shiploads of tea destroyed in defiance to British rule?Boston
87.3%
Which assassin of Julius Caesar did John Wilkes Booth claim to be inspired by?Brutus
76.5%
Which French prison contained only 7 prisoners when it was stormed in 1789?Bastille
75.6%
Which city, on the banks of the Euphrates, was home to a Wonder of the Ancient World?Babylon
66.7%
How was Siddhartha Gautama better known?Buddha
66.4%
Which period of early manufacture was characterised by the use of copper and one of its alloys?Bronze Age
61.4%
Which Venezuelan led Colombia, Ecuador, Venezuela and Bolivia to independence?Simón Bolívar
54.4%
Who was the Roman equivalent of the Greek god Dionysus?Bacchus
46.8%
Question Answer % Correct
What was the former name of Constantinople?Byzantium
46%
Which 19th century German statesman was known as the 'Iron Chancellor?'Otto von Bismarck
45.6%
Which Italian Renaissance artist painted 'The Birth of Venus' and 'Primavera?'Botticelli
41.7%
Which Holy Roman Emperor shares his name with the Nazi invasion of the Soviet Union?Barbarossa
29.8%
Which Archbishop of Canterbury was assassinated by followers of Henry II?Thomas Becket
28.7%
Which Celtic Queen destroyed modern-day Colchester in AD c.61? Boudica
28%
Which 70-metre long embroidery depicts the events of the Norman conquest of England?Bayeux Tapestry
27%
In which battle of the Wars of the Roses was Richard III killed?Battle of Bosworth Field
22.8%
Who was the only British Prime Minister to serve under three different monarchs?Stanley Baldwin
13.3%
Which Spanish city was witness to one of the bloodiest sieges of the Peninsular War?Badajoz
4.9%

You're not logged in!

Compare scores with friends on all Sporcle quizzes.
OR
Log In

You Might Also Like...

Show Comments

Extras

Top Quizzes Today


Score Distribution

Your Account Isn't Verified!

In order to create a playlist on Sporcle, you need to verify the email address you used during registration. Go to your Sporcle Settings to finish the process.

Report this User

Report this user for behavior that violates our Community Guidelines.

Details: